000 00204nam a22001097a 4500
082 _aPUG
100 _aPugg B
245 _aPractical lubrication
260 _aLondon
_c1970
300 _a204
942 _cBK
999 _c12355
_d12355